Historia : instituciones políticas y sociales de la argentina y de américa a partir de 1810 /

Guardado en:
Otros Autores: Rampa, Alfredo C., dir,
Formato: Libro
Publicado: Buenos Aires : A-z, 1986
Edición:4a. ed.
Materias:
Etiquetas: Agregar Etiqueta
Sin Etiquetas, Sea el primero en etiquetar este registro!
LEADER 06195nam a22003375a 4500
001 CEM.cems000287
005 20100304122946.0
008 130507s1986##################000#0#####d
003 CEMS
020 |a 950534001X 
082 0 4 |a 980 
245 0 0 |a Historia :  |b instituciones políticas y sociales de la argentina y de américa a partir de 1810 /  |c  Director Alfredo C. Rampa 
250 |a 4a. ed. 
260 |a Buenos Aires :  |b A-z,  |c 1986 
300 |a 390 p. 
505 0 |a La revolución de mayo y las primeras instituciones argentinas -- Los cabildos: cajas de resonancia de los movimientos emancipadores -- Cabildo abierto del 22 de mayo -- La Junta del 24 -- Los sucesos el dia 25: primer Gobierno Patrio -- Contrarevolución en Córdoba -- La Primera Junta -- La Junta Grande -- La Sociedad Patriótica -- Primer Triunvirato -- La oposición al Triunvirato -- Las provincias unidas entre dos Congresos generales (1813-1816) -- La Aasamblea del Año XIII -- La unificación del poder -- Posadas: primer director supremo de las Provincias Unidas -- Directorio de Alvear -- Estatuto Provisional de 1815 -- Misiones diplomáticas -- Artigas frente al Directorio -- El Congreso de Tucumán: la Independencia argentina -- Declaración de la Independencia: el coronamiento de Mayo -- Ganan terreno las ideas monárquicas: ¿un inca o un príncipe europeo? -- La independencia de Iberoamérica -- Los movimientos precursores -- Movimiento de Chuquisaca y La Paz -- Las revoluciones emancipadoras -- Estallido revolucionario en Venezuela -- La revolución en Nueva Granada -- Liberación de Quito y Guayaquil -- Fundación de la República de Bolivia -- Disolución de la Gran Colombia -- Independencia de Chile -- Independencia de Perú -- Independencia del Paraguay -- Independencia del Uruguay -- Independencia del Brasil -- Independencia de Méjico -- Independencia de América Central -- La Revolución en Haití -- Independencia de Santo Domingo -- Independencia de Cuba -- Independencia de Panamá -- La disyuntiva nacional: centralismo porteño y federalismo -- Las ideas en pugna -- El directorio de Pueyrredón y la situación política imperante -- La constitución de 1819: un intento de organización unitaria -- Los caudillos: el federalismo provinciano -- Directorio de Rondeau: se acelera la crisis -- Gobierno de Sarratea: entendimiento con los caudillos -- El gobierno de Ramos Mejía -- Gobierno de Martín Rodríguez -- La reformas de Rivadavia -- Consecuencias de la crisis institucional: autonomía de las provincias -- El Congreso General Constituyente de 1824 -- Presidencia de Rivadavia: la experiencia nacional unitaria -- La Constitución de 1826: el Estado unitario -- Oposición federal a la política rivadaviana -- Relaciones internacionales -- La Provincia Oriental y el conflicto con el Brasil -- Gobierno de Dorrego: el federalismo triunfante en Buenos Aires -- La Convención Nacional: preparar el camino para reunir un congreso constituyente -- Levantamiento unitario -- Primer Gobierno de Rosas -- Gobierno de Balcarce -- Segundo Gobierno de Rosas -- Conflictos internacionales: la defensa de nuestra soberanía -- La organización nacional -- El romanticismo en el Río de la Plata -- Pronunciamiento de Urquiza -- Oposición de Buenos Aires a la política del Acuerdo -- La Constitución de 1853 -- La confederación argentina y el estado de Buenos Aires -- Presidencia de Urquiza (1854-1860) -- Bartolomé Mitre -- Presidencia de Derqui (1860-1861) -- Consolidación institucional de los países emancipados -- La Constitución de los Estados Unidos de América -- El federalismo en Iberoamérica -- La influencia monárquica -- La monarquía brasileña -- La monarquía en Méjico -- Formas de sufragio y representación popular -- La Iglesia y el Estado -- Presidencia de Domingo Faustino Sarmiento (1868-1874) -- Presidencia de Nicolás Avellaneda ( 1874-1880) -- Presidencia de Julio A. Roca (1880-1886) -- Presidencia de Miguel Juárez Celman (1886-1890) -- El indio y el negro en la nueva legislación -- Evolución y afianzamiento de iberoamérica -- Los países sudamericanos -- La doctrina Monroe -- De la ALALC a la ALADI -- De la estabilización del poder presidencia a la crisis del 90 -- Presidencia de Bartolomé Mitre (1862-1868) -- Presidencia de Carlos Pellegrini (1890-1892) -- La Argentina moderna -- Presidencia de Luis Sáenz peña (1892-1895) -- Presidencia de José Evaristo Uriburu (1895-1898) -- Segunda presidencia de Julio A. Roca (1898-1904) -- Presidencia de Manuel Quintana (1905-1906) -- Presidencia de José Figueroa Alcorta (1906-1910) -- Presidencia de Roque Sáenz Peña (1910-1914) -- Los partidos políticos y la ley Sáenz Peña -- Presidencia de Victorino de la Plaza (1914-1916) -- Presidencia de Hipólito Yrigoyen (1916-1922) -- Presidencia de Marcelo Torcuato de Alvear (1922-1926) -- Segunda presidencia de Hipólito Yrigoyen (1928-1930) -- Presidencia de José Félix Uriburu (1930-1932) -- Presidencia de Agustín P. Jusnto (1932-1938) -- Presidencia de Roberto M. Ortiz (1938-1940) -- Presidencia de Ramón S. Castillo (1940-1943) -- Presidencia de Pedro P. Ramírez (1943) -- Presidencia de Edelmiro J. Farrell (1944-1946) -- Desarrollo institucional del país (1946-1981) 
653 |a América 
653 |a Historia 
653 |a Historia de américa 
700 1 |a Rampa, Alfredo C., dir, 
859 |a CEMS  |b BIB. CEMS - 11 de abril  |h 980  |i Az1-1a4  |p 14686.87  |t Ej.1 
859 |a CEMS  |b BIB. CEMS - 11 de abril  |h 980  |i Az1-1a4  |p 14687.87  |t Ej.2 
859 |a CEMS  |b BIB. CEMS - 11 de abril  |h 980  |i Az1-1a4  |p 14936.88  |t Ej.3 
859 |a CEMS  |b BIB. CEMS - 11 de abril  |h 980  |i Az1-1a4  |p 14937.88  |t Ej.4 
859 |a CEMS  |b BIB. CEMS - 11 de abril  |h 980  |i Az1-1a4  |p 14938.88  |t Ej.5 
859 |a CEMS  |b BIB. CEMS - 11 de abril  |h 980  |i Az1-1a4  |p 14939.88  |t Ej.6 
859 |a CEMS  |b BIB. CEMS - 11 de abril  |h 980  |i Az1-1a4  |p 14940.88  |t Ej.7 
859 |a CEMS  |b BIB. CEMS - 11 de abril  |h 980  |i Az1-1a4  |p 16246.91  |t Ej.8 
859 |a CEMS  |b BIB. CEMS - 11 de abril  |h 980  |i Az1-1a4  |p 16247.91  |t Ej.9 
859 |a CEMS  |b BIB. CEMS - 11 de abril  |h 980  |i Az1-1a4  |p 16248.91  |t Ej.10 
859 |a CEMS  |b BIB. CEMS - 11 de abril  |h 980  |i Az1-1a4  |p 16781.92  |t Ej.11